| 000 | 00663nam a2200193Ia 4500 | ||
|---|---|---|---|
| 003 | IEPS | ||
| 005 | 20250703135325.0 | ||
| 008 | 250223s9999||||xx |||||||||||||| ||und|| | ||
| 040 | _CIEPS | ||
| 041 | _aara | ||
| 082 | _a796.048 | ||
| 100 | _aمحمود محمد رفعت حسن | ||
| 245 | 0 | _aالعاب المعاقين و المراحل العمرية | |
| 260 |
_aالاسكندرية _bالمكتبة المصرية للطباعة و النشر والتوزيع _c2006 |
||
| 300 |
_a29 ص. _c24 سم. |
||
| 490 |
_aسلسلة الالعاب الرياضية للمعاقين _v4 |
||
| 653 | _aذوي الاحتياجات الخاصة | ||
| 942 | _cكتاب | ||
| 999 |
_c13588 _d13588 |
||